| 000 | 00414nam a2200169Ia 4500 | ||
|---|---|---|---|
| 008 | 230524s9999 xx 000 0 und d | ||
| 020 | _a8178087995 | ||
| 082 |
_a510 _bGER |
||
| 100 | _aMichael D.Greenberg | ||
| 245 | 0 | _aAdvanced Engineering Mathematics | |
| 250 | _a2ND | ||
| 260 |
_aNEW DELHI _bPearson _c2004 |
||
| 300 | _aXIX;1314 | ||
| 500 | _aQuantity Number: 10 | ||
| 650 | _aMathematics | ||
| 942 | _cBK | ||
| 999 |
_c1553 _d1553 |
||